Normal view
MARC view
- Blank,Leland/Anthony Tarquin
Entry Personal Name
001 - CONTROL NUMBER
- control field: 4629
003 - CONTROL NUMBER IDENTIFIER
- control field: JO-AjAnu
005 - DATE AND TIME OF LATEST TRANSACTION
- control field: 20230606071045.0
008 - FIXED-LENGTH DATA ELEMENTS
- fixed length control field: 230606|| aca||aabn | a|a d
040 ## - CATALOGING SOURCE
- Original cataloging agency: JO-AjAnu
- Transcribing agency: JO-AjAnu
100 ## - HEADING--PERSONAL NAME
- Personal name: Blank,Leland/Anthony Tarquin
670 ## - SOURCE DATA FOUND
- Source citation: Work cat.: (JO-AjAnu)2398: Blank,Leland/Anthony Tarquin, author, Engineering Economy